header

Film, politics, and Gramsci (Record no. 244116)

MARC details
000 -LEADER
fixed length control field 01345nam a2200349Ia 4500
082 04 - DEWEY DECIMAL CLASSIFICATION NUMBER
Classification number 335.43/092
100 1# - MAIN ENTRY--AUTHOR NAME
Personal name Landy, Marcia,
245 10 - TITLE STATEMENT
Title Film, politics, and Gramsci
260 ## - PUBLICATION, DISTRIBUTION, ETC. (IMPRINT)
Place of publication Minneapolis :
Name of publisher University of Minnesota Press,
Year of publication c1994.
300 ## - PHYSICAL DESCRIPTION
Number of Pages xxv, 280 p.
650 #0 - SUBJECT ADDED ENTRY--TOPICAL TERM
Topical Term Communism and culture.
Topical Term Politics and culture.
Topical Term Motion pictures.
856 40 - ELECTRONIC LOCATION AND ACCESS
Uniform Resource Identifier http://site.ebrary.com/lib/rucke/Doc?id=10159397

No items available.

© 2026 Rongo University
Contact us: librarian | system librarian | Rongo university